UBT Library

Handbook of mathematical tables and formulas, (Record no. 40284)

000 -LEADER
fixed length control field 00557cam a22002171 4500
001 - CONTROL NUMBER
control field 5947464
005 - DATE AND TIME OF LATEST TRANSACTION
control field 20180115074454.0
008 - FIXED-LENGTH DATA ELEMENTS--GENERAL INFORMATION
fixed length control field 770408s1933 ohu 000 0 eng
010 ## - LIBRARY OF CONGRESS CONTROL NUMBER
LC control number 33011608
035 ## - SYSTEM CONTROL NUMBER
System control number (OCoLC)2871479
040 ## - CATALOGING SOURCE
Original cataloging agency DLC
Transcribing agency NmU
Modifying agency DLC
041 ## - LANGUAGE CODE
Language code of text/sound track or separate title eng
042 ## - AUTHENTICATION CODE
Authentication code premarc
080 ## - UNIVERSAL DECIMAL CLASSIFICATION NUMBER
Universal Decimal Classification number 321
082 ## - DEWEY DECIMAL CLASSIFICATION NUMBER
Edition number 321 BUR
100 1# - Rafti
Rafti 19
101 ## - Shkurtesa
Shkurtesa SHP
245 00 - TITLE STATEMENT
Title Handbook of mathematical tables and formulas,
Statement of responsibility, etc compiled by Richard Stevens Burington.
906 ## - LOCAL DATA ELEMENT F, LDF (RLIN)
a 7
b cbc
c oclcrpl
d u
e ncip
f 19
g y-gencatlg
942 ## - ADDED ENTRY ELEMENTS (KOHA)
Source of classification or shelving scheme
Item type Books
Holdings
Withdrawn status Lost status Source of classification or shelving scheme Damaged status Not for loan Collection code Permanent location Current location Shelving location Date acquired Total Checkouts Full call number Barcode Date last seen Price effective from Koha item type
          Koleksioni i përgjithshem UBT - Lipjan UBT - Lipjan Koleksioni i përgjithshem 01/15/2018   321 BUR 002-2995423 01/15/2018 01/15/2018 Books
UBT Library © 2015-2024. All rights reserved University Education for Business and Technology